Central Library OPAC University of Rajshahi

The changing status of the working woman in India / (Record no. 35154)

MARC details
000 -LEADER
fixed length control field 00887nam a2200289 i 4500
001 - CONTROL NUMBER
control field 35154
003 - CONTROL NUMBER IDENTIFIER
rucl marc code BD-RjUL
005 - DATE AND TIME OF LATEST TRANSACTION
control field 20211209052253.0
008 - FIXED-LENGTH DATA ELEMENTS--GENERAL INFORMATION
fixed length control field 140521s1974 ii b 001 0 eng
020 ## - INTERNATIONAL STANDARD BOOK NUMBER
International Standard Book Number 070690334X
035 ## - SYSTEM CONTROL NUMBER
System control number (BD-RjUL)38248
040 ## - CATALOGING SOURCE
Original cataloging agency DLC
Transcribing agency DLC
Modifying agency DLC
-- DLC
-- BD-RjUL
Language of cataloging eng
041 ## - LANGUAGE CODE
Language code of text/sound track or separate title eng
082 00 - DEWEY DECIMAL CLASSIFICATION NUMBER
Classification number 331.40954
Author mark and year KAC 1974
100 1# - MAIN ENTRY--PERSONAL NAME
Personal name Kapur, Promilla,
Dates associated with a name 1928-
9 (RLIN) 107054
245 14 - TITLE STATEMENT
Title The changing status of the working woman in India /
Statement of responsibility, etc. Promilla Kapur.
260 ## - PUBLICATION, DISTRIBUTION, ETC. (IMPRINT)
Place of publication, distribution, etc. Delhi :
Name of publisher, distributor, etc. Vikas Pub. House,
Date of publication, distribution, etc. 1974.
300 ## - PHYSICAL DESCRIPTION
Pagination 178 p. ;
Size 23 cm.
504 ## - BIBLIOGRAPHY, ETC. NOTE
Bibliography, etc Bibliography: p. [163]-173.
Bibliography, etc Includes index.
650 #0 - SUBJECT ADDED ENTRY--TOPICAL TERM
Topical term or geographic name as entry element Women
General subdivision Employment
Geographic subdivision India.
9 (RLIN) 107055
Topical term or geographic name as entry element Married women
General subdivision Employment
Geographic subdivision India.
9 (RLIN) 107017
Topical term or geographic name as entry element Women college graduates
General subdivision Employment
Geographic subdivision India.
9 (RLIN) 107056
942 ## - ADDED ENTRY ELEMENTS (KOHA)
Source of classification or shelving scheme Dewey Decimal Classification
Koha item type Books
Holdings
Lost status Source of classification or shelving scheme Damaged status Not for loan Collection code Permanent Location Current Location Shelving location Date acquired Source of acquisition Cost, normal purchase price Total Checkouts Full call number Date last seen Copy number Koha item type
  Dewey Decimal Classification   Not For Loan Non-fiction Central Library, University of Rajshahi Central Library, University of Rajshahi Reading Room 27/09/1978 India Int. Calcata 35.00   331.40954 KAC 1974 21/05/2014 C-1 Books